| 000 | 00804nam a2200229 4500 | ||
|---|---|---|---|
| 003 | OSt | ||
| 005 | 20260530113912.0 | ||
| 008 | 260505b hk a|||| |||| 00| 0 spa d | ||
| 040 |
_aICI _bspa _cICI _erda |
||
| 041 | _aspa | ||
| 050 |
_aTS283 _b.S65 |
||
| 245 | _aSoluciones innovadoras en cierres y fijaciones | ||
| 264 |
_aPensilvania, _bSouthco, _c2000 |
||
| 300 |
_a629 páginas : _bilustraciones |
||
| 490 | _aManual ; | ||
| 500 | _aObra técnica que presenta soluciones innovadoras en sistemas de cierres y fijaciones, abordando aplicaciones industriales, materiales y diseño en ingeniería. | ||
| 650 | 4 |
_aCierres mecánicos _933554 |
|
| 650 | 4 |
_aSujetadores (Ingeniería) _933555 |
|
| 650 | 4 |
_aElementos de fijación _933556 |
|
| 650 | 4 |
_aIngeniería mecánica _933557 |
|
| 942 |
_2lcc _cBK _n1 |
||
| 999 |
_c12164 _d12164 |
||